[Event "Usti nad Labem Chlumecky Blitz op"]
[Site "Usti nad Labem"]
[Date "2024.05.05"]
[Round "2"]
[White "Masek, Daniel"]
[Black "Zeman, Daniel Nikolas"]
[Result "0-1"]
[WhiteElo "1834"]
[BlackElo "1684"]
[PlyCount "82"]
[EventDate "2024.05.05"]
[EventType "swiss (blitz)"]
[EventRounds "15"]
[EventCountry "CZE"]
[SourceTitle "CBM 220 Extra"]
[Source "ChessBase"]
[SourceDate "2024.07.31"]
[SourceVersion "1"]
[SourceVersionDate "2024.07.31"]
[SourceQuality "1"]

1. d4 d5 2. c4 e6 3. Nc3 Nf6 4. Bg5 Be7 5. Nf3 h6 6. Bh4 0-0 7. e3 b6 8. cxd5 exd5 9. Bd3 Bb7 10. 0-0 Nbd7 11. Rc1 c5 12. Bb1 a6 13. Qe2 Ne4 14. Bxe7 Qxe7 15. Rfd1 Nxc3 16. Rxc3 c4 17. Re1 b5 18. g3 a5 19. Nh4 Nf6 20. Nf5 Qe6 21. Qf3 b4 22. Rcc1 Rac8 23. Nh4 Ne4 24. Ng2 Nd2 25. Qe2 Nxb1 26. Rxb1 c3 27. bxc3 Rxc3 28. Nf4 Qe4 29. Rbc1 Rfc8 30. Qd2 Rc2 31. Rxc2 Rxc2 32. Qd1 Rxa2 33. Qb1 Qxb1 34. Rxb1 Bc8 35. Kg2 Bf5 36. Rc1 Be4+ 37. Kh3 g5 38. Ng2 Rxf2 39. Rg1 Bxg2+ 40. Rxg2 Rxg2 41. Kxg2 b3 0-1

[Event "Usti nad Labem Chlumecky Blitz op"]
[Site "Usti nad Labem"]
[Date "2024.05.05"]
[Round "5"]
[White "Motlicek, Ondrej"]
[Black "Masek, Daniel"]
[Result "1/2-1/2"]
[WhiteElo "1756"]
[BlackElo "1834"]
[PlyCount "67"]
[EventDate "2024.05.05"]
[EventType "swiss (blitz)"]
[EventRounds "15"]
[EventCountry "CZE"]
[SourceTitle "CBM 220 Extra"]
[Source "ChessBase"]
[SourceDate "2024.07.31"]
[SourceVersion "1"]
[SourceVersionDate "2024.07.31"]
[SourceQuality "1"]

1. e4 c6 2. Nf3 d5 3. exd5 cxd5 4. d4 Nc6 5. Bb5 Bg4 6. h3 Bh5 7. Be2 e6 8. c3 Nf6 9. 0-0 Bd6 10. Bg5 Qc7 11. Nbd2 h6 12. Bh4 g5 13. Bg3 Bxg3 14. fxg3 Qxg3 15. Qe1 Qxe1 16. Raxe1 0-0-0 17. Nh2 Bxe2 18. Rxe2 Ne4 19. Nxe4 dxe4 20. Rxf7 Rdf8 21. Rxf8+ Rxf8 22. Rxe4 Kd7 23. Ng4 h5 24. Ne5+ Kd6 25. Nxc6 bxc6 26. Re5 Rg8 27. Kf2 Rg7 28. Ke3 h4 29. Kd3 g4 30. Re3 gxh3 31. gxh3 Rg2 32. Re2 Rg3+ 33. Re3 Rg2 34. Ke4 1/2-1/2

[Event "Usti nad Labem Chlumecky Rapid op"]
[Site "Usti nad Labem"]
[Date "2024.05.04"]
[Round "4"]
[White "Masek, Daniel"]
[Black "Shagbazyan, Taron"]
[Result "0-1"]
[WhiteElo "1842"]
[BlackElo "2422"]
[PlyCount "42"]
[EventDate "2024.05.04"]
[EventType "swiss (rapid)"]
[EventRounds "9"]
[EventCountry "CZE"]
[SourceTitle "CBM 220 Extra"]
[Source "ChessBase"]
[SourceDate "2024.07.31"]
[SourceVersion "1"]
[SourceVersionDate "2024.07.31"]
[SourceQuality "1"]

1. d4 Nf6 2. Bg5 d5 3. e3 c5 4. c3 Nc6 5. Nf3 cxd4 6. cxd4 Ne4 7. Bf4 Qb6 8. Qc1 Bf5 9. Nbd2 Nxd2 10. Qxd2 e5 11. a3 exf4 12. exf4 Bd6 13. Be2 0-0 14. 0-0 Na5 15. Rad1 Nb3 16. Qe3 Rfe8 17. Ne5 f6 18. Qf3 Be4 19. Qg3 Nxd4 20. Bh5 fxe5 21. Bxe8 Ne2+ 0-1